| 000 | 00596nam a2200181Ia 4500 | ||
|---|---|---|---|
| 008 | 090123s9999 xx 000 0 und d | ||
| 082 |
_b10982 _a891.463/अष्टीक |
||
| 100 | _aअष्टीकर मंदाकिनी | ||
| 245 | _aवाळूचे घर | ||
| 250 | _a1 | ||
| 260 |
_bउदय दिप प्रकाशन _c1986 |
||
| 300 | _a183 | ||
| 600 | _aअष्टीकर मंदाकिनी | ||
| 630 | _aवाळूचे घर | ||
| 700 | _aअष्टीकर मंदाकिनी | ||
| 730 | _aवाळूचे घर | ||
| 942 | _cBOOK | ||
| 999 |
_c49047 _d49047 |
||